000 02062nam a22003737a 4500
003 PE-LiUPU
005 20250731173559.0
008 230705b |||||||| |||| 00| 0 eng d
020 _a9780310275923
040 _aPE-LiUPU
_bspa
_cPE-LiUPU
_dPE-LiUPU
_erda
082 _223
_a248.4
_bO77t
100 _aOrtberg, John
_91500
_d1957-
_eautor.
245 1 4 _aThe me I want to be :
_bbecoming God's best version of you /
_cJohn Ortberg.
264 _aGrand Rapids, Michigan :
_bZondervan,
_c2010.
300 _a264 páginas :
_bIlustraciones ;
_c22 centímetros.
500 _anotas, páginas 255-264.
505 _aFINDING MY IDENTY: Learn why God made you -- The me I Don’t want to be -- FLOWING WITH THE SPIRIT: Discover the flow -- Find out how you grow -- Surrender: the one decision the always helps -- try softer -- RENEWING MY MIND: Let your desires lead you to God -- Think great thoughts -- Feed your mind with excellence -- Never worry alone -- REDEEMING MY TIME: Let your talking flow into praying -- Temptation: how not to get hooked -- Recognize your primary flow-blocker -- When you find yourself out of the flow, jump back in -- DEEPENING MY EXPERIENCE: Try going off the deep end with God -- Make life-giving relationship a top priority -- Be human -- Fin a few difficult people to help you grow -- TRANSFORMING MY EXPERIENCE: Let God flow in your work -- Let your work honor God -- You have to go through, exile before you come back home -- FLOWING FORM HERE ON OUT: Ask for a mountain.
526 _aSEG42
526 _aSEG41
526 _aSEG40
526 _aSEG39
526 _aP94
526 _aP87
526 _aP86
526 _aP85
526 _aP77
526 _aP76
526 _aP35
650 0 _aAutorrealización (psicología)
_xAspectos religiosos
_vCristianismo
_91501
650 0 _aVida cristiana
_91502
942 _2ddc
_cBK
_n0
980 _621515
_aDIGNA BRAÑES Analista Documental
_81
_gALBERTO SANCHEZ Responsable de Automatización
999 _c61897
_d61897